Seed production of silver barb (Barbodes goniotus) and indian carp (Labeo roheta) for farmers in chan trey district svay rieng province, បច្ចេកទេសផលិតកូនត្រីពូជ ត្រីឆ្ពិន និងត្រូីកាបឥណ្ឌាសំរាប់កសិករស្រុកចន្រ្ដី ខេត្តស្វាយរៀង (Record no. 3888)
[ view plain ]
| 000 -LEADER | |
|---|---|
| fixed length control field | 00756nam a22001577a 4500 |
| 003 - CONTROL NUMBER IDENTIFIER | |
| control field | OSt |
| 005 - DATE AND TIME OF LATEST TRANSACTION | |
| control field | 20151203084237.0 |
| 008 - FIXED-LENGTH DATA ELEMENTS--GENERAL INFORMATION | |
| fixed length control field | 151203b xxu||||| |||| 00| 0 eng d |
| 040 ## - CATALOGING SOURCE | |
| Transcribing agency | RUA |
| 082 ## - DEWEY DECIMAL CLASSIFICATION NUMBER | |
| Classification number | FIS TOU 2008 B180 Or.1 |
| 100 ## - MAIN ENTRY--PERSONAL NAME | |
| 9 (RLIN) | 4173 |
| Personal name | TOUCH, DARA. |
| 245 ## - TITLE STATEMENT | |
| Title | Seed production of silver barb (Barbodes goniotus) and indian carp (Labeo roheta) for farmers in chan trey district svay rieng province, បច្ចេកទេសផលិតកូនត្រីពូជ ត្រីឆ្ពិន និងត្រូីកាបឥណ្ឌាសំរាប់កសិករស្រុកចន្រ្ដី ខេត្តស្វាយរៀង |
| 260 ## - PUBLICATION, DISTRIBUTION, ETC. (IMPRINT) | |
| Place of publication, distribution, etc. | Phnom Penh |
| Name of publisher, distributor, etc. | RUA |
| Date of publication, distribution, etc. | 2008 |
| 300 ## - PHYSICAL DESCRIPTION | |
| Extent | xii; 52p. |
| Other physical details | ill. |
| Dimensions | 29cm. |
| 942 ## - ADDED ENTRY ELEMENTS (KOHA) | |
| Source of classification or shelving scheme | |
| Koha item type | FIS |
| Price effective from | Date last seen | Permanent Location | Not for loan | Date acquired | Source of classification or shelving scheme | Koha item type | Barcode | Lost status | Damaged status | Shelving location | Withdrawn status | Current Location | Full call number |
|---|---|---|---|---|---|---|---|---|---|---|---|---|---|
| 2015-12-03 | 2015-12-03 | Library Block B | 2015-12-03 | FIS | RUA019712 | B180 | Library Block B | FIS TOU 2008 B180 Or.1 | |||||
| 2015-12-03 | 2015-12-03 | Library Block B | 2015-12-03 | FIS | RUA019722 | B180 | Library Block B | FIS TOU 2008 B180 Or.2 | |||||
| 2015-12-03 | 2015-12-03 | Library Block B | 2015-12-03 | FIS | RUA019783 | B180 | Library Block B | FIS TOU 2008 B180 Or.3 | |||||
| 2015-12-03 | 2015-12-03 | Library Block B | 2015-12-03 | FIS | RUA019790 | B180 | Library Block B | FIS TOU 2008 B180 Or.4 | |||||
| 2015-12-03 | 2015-12-03 | Library Block B | 2015-12-03 | FIS | RUA011087 | B180 | Library Block B | FIS TOU 2008 B180 Or.5 | |||||
| 2015-12-03 | 2015-12-03 | Library Block B | 2015-12-03 | FIS | RUA011238 | B180 | Library Block B | FIS TOU 2008 B180 Or.6 | |||||
| 2015-12-03 | 2015-12-03 | Library Block B | 2015-12-03 | FIS | RUA011307 | B180 | Library Block B | FIS TOU 2008 B180 Or.7 | |||||
| 2015-12-03 | 2015-12-03 | Library Block B | 2015-12-03 | FIS | RUA011447 | B180 | Library Block B | FIS TOU 2008 B180 Or.8 | |||||
| 2015-12-03 | 2015-12-03 | Library Block B | 2015-12-03 | FIS | RUA011016 | B180 | Library Block B | FIS TOU 2008 B180 Or.9 |